[Event "Twente Young Master op-B"]
[Site "Twente"]
[Date "2007.08.08"]
[Round "5"]
[White "Van de Pieterman, Frank"]
[Black "Hoogland, Bauke"]
[Result "0-1"]
[WhiteElo "1321"]
[BlackElo "1841"]
[PlyCount "62"]
[EventDate "2007.08.06"]
[EventType "swiss"]
[EventRounds "9"]
[EventCountry "NED"]
[SourceTitle "EXT 2008"]
[Source "ChessBase"]
[SourceDate "2007.11.25"]
[SourceVersion "1"]
[SourceVersionDate "2007.11.25"]
[SourceQuality "1"]

1. d4 Nf6 2. c4 c5 3. d5 b5 4. e3 bxc4 5. Bxc4 d6 6. Nc3 g6 7. Nf3 Bg7 8. Bb5+ Bd7 9. Qa4 0-0 10. 0-0 a6 11. Bxd7 Nbxd7 12. b4 Nxd5 13. Nxd5 Bxa1 14. bxc5 Nxc5 15. Qh4 f6 16. Qc4 Kg7 17. Ba3 Be5 18. Rd1 Rc8 19. Nxe5 fxe5 20. Bxc5 Rxc5 21. Qxa6 Kh8 22. Qb7 e6 23. Nb4 Qf6 24. f3 d5 25. a4 e4 26. f4 g5 27. g3 gxf4 28. gxf4 Rg8+ 29. Kf1 Qg6 30. Nd3 Qg1+ 31. Ke2 Rg2+ 0-1

[Event "Hengelo U14 op"]
[Site "Hengelo"]
[Date "2005.08.11"]
[Round "6"]
[White "Van de Pieterman, Frank"]
[Black "Hortensius, Lisa"]
[Result "0-1"]
[WhiteElo "1109"]
[BlackElo "1856"]
[PlyCount "74"]
[EventDate "2005.08.??"]
[EventType "swiss"]
[EventRounds "9"]
[EventCountry "NED"]
[SourceTitle "CBM 107 Extra"]
[Source "ChessBase"]
[SourceDate "2005.09.01"]
[SourceVersion "1"]
[SourceVersionDate "2005.09.01"]
[SourceQuality "1"]

1. d4 d5 2. c4 e6 3. e3 Nf6 4. Nc3 Be7 5. c5 0-0 6. Nf3 b6 7. cxb6 axb6 8. Bb5 c5 9. 0-0 Bb7 10. Bd2 Nc6 11. b3 Bd6 12. Re1 Qc7 13. g3 e5 14. Bxc6 Bxc6 15. a4 e4 16. dxc5 bxc5 17. Nh4 Qd7 18. Qe2 Be5 19. Ra2 Rfc8 20. Rc1 Qh3 21. Qf1 Qe6 22. Qd1 g5 23. f4 Bxc3 24. f5 Qd6 25. Bxc3 gxh4 26. Bxf6 Qxf6 27. Qg4+ Qg7 28. Qxh4 Bb7 29. f6 Qg6 30. Rd2 h6 31. Kg2 Qg5 32. Qxg5+ hxg5 33. Rf2 Kh7 34. Kh3 Kg6 35. Kg4 Rc6 36. Rf5 Bc8 37. Rcf1 Rxf6 0-1